| 000 | 00775pam a2200229 a 4500 | ||
|---|---|---|---|
| 001 | 4414713 | ||
| 005 | 20241217133714.0 | ||
| 008 | 930122s1994 enka b 001 0 eng | ||
| 020 | _a0521450314 | ||
| 020 | _a052145655X (pbk.) | ||
| 050 | 0 | 0 |
_aP221 _b.L293 1993 |
| 082 | 0 | 0 |
_a414 _220 |
| 100 | 1 | _aLaver, John. | |
| 245 | 1 | 0 |
_aPrinciples of phonetics / _cJohn Laver. |
| 260 |
_aCambridge ; _aNew York, NY : _bCambridge University Press, _c1994. |
||
| 300 |
_axxviii, 707 p. : _bill. ; _c24 cm. |
||
| 440 | 0 | _aCambridge textbooks in linguistics | |
| 650 | 0 | _aPhonetics. | |
| 856 | 4 | 1 |
_3Table of contents _uhttp://www.loc.gov/catdir/toc/cam023/93018183.html |
| 856 | 4 | 2 |
_3Publisher description _uhttp://www.loc.gov/catdir/description/cam025/93018183.html |
| 942 |
_2lcc _cBK _n0 |
||
| 999 |
_c2407 _d2407 |
||